| 000 | 00678nam a22001817a 4500 | ||
|---|---|---|---|
| 003 | LK-CoMWRAF | ||
| 008 | 240229b |||||||| |||| 00| 0 eng d | ||
| 040 |
_aLK-CoMWRAF _dLK-CoMWRAF _eLK-CoMWRAF |
||
| 041 | _aeng | ||
| 082 |
_a305.4 _bSOU |
||
| 111 |
_aSOUTH ASIAN CONFERENCE _c(Colombo _d9-12 December 1999) |
||
| 245 | _aA review of the situation of women in South Asia in the context of the UN world conferences on human rights, social development, environment and population & development | ||
| 260 |
_aColombo: _bCentre for Women's Research, _c2003 |
||
| 300 | _aUnnumbered pg. | ||
| 490 |
_aDocument series _v65 |
||
| 650 | _aFEMINISM-South Asia-Congresses | ||
| 942 | _cCP | ||
| 999 |
_c4833 _d4833 |
||